Industrial Japan : Aspects of recent economic changes as viewed by Japanese writers
This book introduce the role of war in the development of Japanese capitalism. The reorganization of the Japanese economy factors and trends, some basic problems of Asiatic contitental development...
Đã lưu trong:
| Format: | Bog |
|---|---|
| Sprog: | Undetermined |
| Udgivet: |
New York
AMS Press
1941
|
| Fag: | |
| Tags: |
Tilføj Tag
Ingen Tags, Vær først til at tagge denne postø!
|
| Thư viện lưu trữ: | Trung tâm Học liệu Trường Đại học Cần Thơ |
|---|
| LEADER | 00853nam a2200205Ia 4500 | ||
|---|---|---|---|
| 001 | CTU_228841 | ||
| 008 | 210402s9999 xx 000 0 und d | ||
| 082 | |a 338.0952 | ||
| 082 | |b I.42 | ||
| 245 | 0 | |a Industrial Japan : | |
| 245 | 0 | |b Aspects of recent economic changes as viewed by Japanese writers | |
| 245 | 0 | |c Compiled and translated by the research staff of the Secretariat, Institute of Pacific Relations | |
| 260 | |a New York | ||
| 260 | |b AMS Press | ||
| 260 | |c 1941 | ||
| 520 | |a This book introduce the role of war in the development of Japanese capitalism. The reorganization of the Japanese economy factors and trends, some basic problems of Asiatic contitental development... | ||
| 650 | |a Công nghiệp,Industries | ||
| 650 | |z Nhật Bản,Japan | ||
| 910 | |b dqhieu | ||
| 980 | |a Trung tâm Học liệu Trường Đại học Cần Thơ | ||